000 00700cam a2200145 4500500
005 20260208010620.0
041 _afre
042 _adc
100 1 0 _aVaysse, Jean-Marie
_eauthor
245 0 0 _aJ. G. Fichte, Gesamtausgabe, II, 14, Nachgelassene Schriften, 1812-1813, hrsg. von E. Fuchs, R. Lauth, H. G. von Manz, I. Radrizzani, P. K. Schneider, M. Siegel, G. Zöller, Stuttgart-Bad Cannstatt, Frommann-Holzboog, 2006, 475 p.
260 _c2007.
500 _a33
786 0 _nRevue philosophique de la France et de l'étranger | 132 | 2 | 2007-06-01 | p. 201zo-265zo | 0035-3833
856 4 1 _uhttps://shs.cairn.info/revue-philosophique-2007-2-page-201zo?lang=fr&redirect-ssocas=7080
999 _c1657381
_d1657381